Loading...

Ee dukhatheerangalil

Bibliographic Details
Main Author: Kuzhithadathil
Format: Printed Book
Language:Malayalam
Published: 1980.
Subjects:
LEADER 00458nam a2200145Ia 4500
008 150624b xxu||||| |||| 00| f mal d
082 |a 853.3K11 
100 |a Kuzhithadathil 
245 |c Kuzhithadathil  |a Ee dukhatheerangalil 
260 |c 1980. 
546 |a In Malayalam. 
650 |v Novel 
942 |c BK 
999 |c 103584  |d 103584 
952 |0 1  |1 0  |4 1  |6 853_000000000000000_3K11_EED_M  |7 0  |9 104921  |a UL  |b UL  |c ST1  |d 2014-06-03  |l 0  |o 853.3K11 EED M  |p 46695  |r 2014-06-03  |w 2014-06-03  |y BK